[Event "4NCL Division 2d"]
[Site "Telford, ENG"]
[Date "2019.05.04"]
[Round "9.85"]
[White "Ther, Mate"]
[Black "Emerson, Roger"]
[Result "0-1"]
[WhiteElo "2012"]
[BlackElo "2177"]
[PlyCount "68"]
[EventDate "2019.05.04"]
[WhiteTeam "Bradford DCA Knights A"]
[BlackTeam "Guildford 3"]

1. e4 e6 2. d4 d5 3. e5 c5 4. c3 Nc6 5. Nf3 Nge7 6. Bd3 cxd4 7. cxd4 Nf5 8. Bc2
Qb6 9. Bxf5 exf5 10. a3 a5 11. Nc3 Be6 12. O-O Be7 13. Qd3 h6 14. Qb5 Qxb5 15.
Nxb5 Kd7 16. Ne1 a4 17. Bd2 Rhc8 18. Rc1 Ra6 19. Rc2 Rb6 20. Nc3 Nxd4 21. Nxa4
Rb3 22. Rxc8 Kxc8 23. Be3 Ne2+ 24. Kh1 d4 25. Bxd4 Nxd4 26. Nc2 Nxc2 27. Rc1
Bd7 28. Rxc2+ Bc6 29. Nc3 Kd7 30. h3 Bd8 31. Rd2+ Ke7 32. Kg1 Ba5 33. Nd5+ Bxd5
34. Rxd5 b6 0-1

[Event "4NCL Division 2d"]
[Site "Telford, ENG"]
[Date "2019.05.04"]
[Round "9.86"]
[White "Punnett, Alan K"]
[Black "Jennings, Roger W"]
[Result "1/2-1/2"]
[WhiteElo "1996"]
[BlackElo "2001"]
[PlyCount "81"]
[EventDate "2019.05.04"]
[WhiteTeam "Guildford 3"]
[BlackTeam "Bradford DCA Knights A"]

1. e4 g6 2. d4 Bg7 3. c4 d6 4. Nc3 Nf6 5. Nf3 O-O 6. Be2 Bg4 7. O-O Nbd7 8. Be3
c6 9. Nd2 Bxe2 10. Qxe2 e5 11. dxe5 dxe5 12. c5 Qe7 13. Rac1 Rfd8 14. b4 Nf8
15. Nc4 Nh5 16. Nd6 Ne6 17. Qc4 b5 18. Qd3 Nhf4 19. Bxf4 exf4 20. Rfd1 Be5 21.
Ne2 a5 22. a3 axb4 23. axb4 Ra7 24. Qf3 Rad7 25. Kf1 Bxd6 26. cxd6 Rxd6 27.
Rxd6 Qxd6 28. Qc3 Qd1+ 29. Rxd1 Rxd1+ 30. Qe1 Rxe1+ 31. Kxe1 Kf8 32. e5 g5 33.
Kd2 Nc7 34. Nd4 Ke7 35. Nxc6+ Ke6 36. Kd3 Kd5 37. Nd8 Kxe5 38. Nxf7+ Kf6 39.
Nd6 Ke5 40. Nf7+ Kf6 41. Nd6 1/2-1/2

[Event "4NCL Division 2d"]
[Site "Telford, ENG"]
[Date "2019.05.04"]
[Round "9.87"]
[White "Gardiner, Eric D"]
[Black "Shepley, Julien M"]
[Result "1/2-1/2"]
[WhiteElo "1959"]
[BlackElo "1947"]
[PlyCount "38"]
[EventDate "2019.05.04"]
[WhiteTeam "Bradford DCA Knights A"]
[BlackTeam "Guildford 3"]

1. d4 d6 2. e4 Nf6 3. Nc3 e5 4. dxe5 dxe5 5. Qxd8+ Kxd8 6. Bg5 Be6 7. Nf3 Nbd7
8. O-O-O Kc8 9. Be2 c6 10. a3 Kc7 11. Bh4 h6 12. Bg3 Bd6 13. Rd2 Nh5 14. Rhd1
Nxg3 15. Rxd6 Nxe2+ 16. Nxe2 Rhd8 17. Nc3 Bg4 18. R6d3 f6 19. h3 Bxf3 1/2-1/2

[Event "4NCL Division 2d"]
[Site "Telford, ENG"]
[Date "2019.05.04"]
[Round "9.88"]
[White "Stimpson, Philip M"]
[Black "Patrick, David A"]
[Result "1-0"]
[WhiteElo "1933"]
[BlackElo "1887"]
[PlyCount "53"]
[EventDate "2019.05.04"]
[WhiteTeam "Guildford 3"]
[BlackTeam "Bradford DCA Knights A"]

1. e4 e6 2. d4 d5 3. Nc3 Nf6 4. e5 Nfd7 5. Nf3 c5 6. dxc5 Nc6 7. Bf4 Bxc5 8.
Bd3 Be7 9. Qe2 a6 10. O-O O-O 11. a3 b5 12. Rae1 Nb6 13. Ne4 Bd7 14. Neg5 g6
15. h4 Nc4 16. c3 h6 17. Nh3 Kg7 18. g3 N6a5 19. h5 g5 20. Nfxg5 f5 21. exf6+
Rxf6 22. Nh7 Rxf4 23. Nxf4 e5 24. Nxd5 Bd6 25. Qe4 Nd2 26. Qg6+ Kh8 27. Nhf6
1-0

[Event "4NCL 3 South pool A"]
[Site "Daventry, ENG"]
[Date "2018.11.17"]
[Round "1.11"]
[White "Tukpetov, Evgeny"]
[Black "Amato, Giampiero"]
[Result "1-0"]
[WhiteElo "2231"]
[BlackElo "1974"]
[PlyCount "55"]
[EventDate "2018.11.17"]

1. b3 c5 2. Bb2 Nc6 3. Nf3 d6 4. e3 e5 5. d4 cxd4 6. exd4 e4 7. Nfd2 d5 8. c4
Be6 9. cxd5 Bxd5 10. Nc3 Nf6 11. Nxd5 Qxd5 12. Bc4 Qa5 13. d5 Nb4 14. O-O Nbxd5
15. Nxe4 O-O-O 16. Qf3 Nxe4 17. Qxe4 Nf6 18. Qf3 Bd6 19. Bxf7 Rhf8 20. Qc3+
Qxc3 21. Be6+ Kb8 22. Bxc3 Rde8 23. Rae1 Re7 24. Bc4 Rxe1 25. Rxe1 Ng4 26. h3
Nxf2 27. Bd4 Bg3 28. Rf1 1-0

[Event "4NCL 3 South pool A"]
[Site "Daventry, ENG"]
[Date "2018.11.17"]
[Round "1.12"]
[White "Lawson, Maurice E"]
[Black "McMichael, Richard J"]
[Result "1-0"]
[WhiteElo "1956"]
[BlackElo "2186"]
[PlyCount "181"]
[EventDate "2018.11.17"]

1. e4 e6 2. d4 d5 3. Nc3 Nc6 4. exd5 exd5 5. Be3 Nf6 6. a3 Bf5 7. Bd3 Bg6 8.
Nge2 Bd6 9. Nb5 Be7 10. Nf4 Qd7 11. Nxg6 hxg6 12. Nc3 O-O-O 13. Qd2 Bd6 14.
O-O-O a6 15. h3 Rh4 16. Be2 Re8 17. Bf3 Ne4 18. Bxe4 dxe4 19. d5 Ne5 20. Qd4 b6
21. Nxe4 Kb8 22. f4 Nc4 23. Qxc4 Qe7 24. Nxd6 Qxe3+ 25. Kb1 cxd6 26. Rhe1 Qxe1
27. Rxe1 Rxe1+ 28. Ka2 Re7 29. Qc6 Rb7 30. Qxd6+ Ka7 31. c4 Rh8 32. c5 bxc5 33.
Qxc5+ Kb8 34. Qc4 Rd8 35. Qxa6 Rxd5 36. Qe2 Rbd7 37. Qe8+ Kb7 38. Qf8 f6 39.
Qb4+ Kc6 40. Qe4 f5 41. Qe8 R5d6 42. a4 Kb7 43. g3 Ka7 44. Qe3+ Ka6 45. Qc5 Kb7
46. b3 Rd5 47. Qb4+ Ka7 48. Ka3 Rb7 49. Qc3 Rbd7 50. g4 Kb7 51. Qb4+ Ka7 52.
Qc3 Kb7 53. Qf3 Ka7 54. Qf2+ Kb7 55. Qg2 Ka7 56. gxf5 gxf5 57. Qg6 Kb7 58. h4
Re7 59. Qg2 Red7 60. h5 Ka7 61. Qg6 Kb7 62. Qe6 Kc7 63. Qa6 Kb8 64. Qb6+ Rb7
65. Qe3 Rbd7 66. Qe8+ Kb7 67. Qe1 Ka7 68. a5 Rd3 69. Qg1+ R3d4 70. b4 Ka6 71.
Qg6+ Kb5 72. Qb6+ Kc4 73. Qc5+ Kd3 74. Qxf5+ Kd2 75. a6 Rc7 76. Qa5 Rc3+ 77.
Ka4 Rc1 78. Qe5 Kd3 79. Kb5 Rcc4 80. Qxd4+ Kxd4 81. a7 Rc8 82. Kb6 Rf8 83. Kb7
Rf7+ 84. Kb6 Rf6+ 85. Ka5 Rf8 86. b5 Kc5 87. b6 Kc6 88. Ka6 Kc5 89. b7 Rxf4 90.
b8=Q Ra4+ 91. Kb7 1-0

[Event "4NCL 3 South pool A"]
[Site "Daventry, ENG"]
[Date "2018.11.17"]
[Round "1.13"]
[White "Lewis, Alex"]
[Black "Mashayekh, Majid"]
[Result "1/2-1/2"]
[WhiteElo "2175"]
[BlackElo "1901"]
[PlyCount "62"]
[EventDate "2018.11.17"]

1. e4 c5 2. Nf3 d6 3. d4 cxd4 4. Nxd4 Nf6 5. Nc3 a6 6. Be3 e5 7. Nb3 Be6 8. Be2
Nbd7 9. O-O Be7 10. a4 O-O 11. a5 Rc8 12. f3 Nc5 13. Nxc5 dxc5 14. Qe1 Qc7 15.
Na4 Rcd8 16. Nb6 c4 17. Qc3 Bc5 18. Ra4 Bd4 19. Qa3 c3 20. Bxd4 Rxd4 21. Qxc3
Qxc3 22. bxc3 Rxa4 23. Nxa4 Rc8 24. Rb1 Rc7 25. Kf2 Kf8 26. Ke1 Nd7 27. Kd2 Nb8
28. Nb6 Rc5 29. Na4 Rc7 30. Nb6 Rc5 31. Na4 Rc7 1/2-1/2

[Event "4NCL 3 South pool A"]
[Site "Daventry, ENG"]
[Date "2018.11.17"]
[Round "1.14"]
[White "Fowler, David"]
[Black "Mackenzie, Colin"]
[Result "1/2-1/2"]
[WhiteElo "1926"]
[BlackElo "2080"]
[PlyCount "71"]
[EventDate "2018.11.17"]

1. d4 e6 2. e4 d5 3. Nc3 Bb4 4. a3 Bxc3+ 5. bxc3 dxe4 6. Qg4 Nf6 7. Qxg7 Rg8 8.
Qh6 Nbd7 9. Ne2 b6 10. Ng3 Bb7 11. Bb5 c6 12. Be2 Qe7 13. a4 c5 14. O-O O-O-O
15. a5 Ng4 16. Qf4 Qf6 17. axb6 axb6 18. Ba6 Qxf4 19. Bxf4 19... Ngf6 $11 20.
Rfe1 Bxa6 21. Rxa6 Kb7 22. Rea1 Ra8 23. Rxa8 Rxa8 24. Rxa8 Kxa8 25. Kf1 Kb7 26.
Bg5 Kc6 27. Ke2 Kd5 28. dxc5 bxc5 29. f3 exf3+ 30. gxf3 Kc4 31. Kd2 Kd5 32. Nf1
c4 33. Ne3+ Kc5 34. Bh4 Kb5 35. Bg5 Kc5 36. Bh4 1/2-1/2

[Event "4NCL 3 South pool A"]
[Site "Daventry, ENG"]
[Date "2018.11.17"]
[Round "1.15"]
[White "Gilfillan, Andrew"]
[Black "Towers, Nigel S"]
[Result "1-0"]
[WhiteElo "2095"]
[BlackElo "1843"]
[PlyCount "57"]
[EventDate "2018.11.17"]

1. e4 c6 2. d3 d5 3. Nd2 e5 4. Ngf3 Bd6 5. Qe2 Qe7 6. g3 Nf6 7. Bg2 O-O 8. Nf1
d4 9. c3 c5 10. h3 Nc6 11. g4 b5 12. Ng3 dxc3 13. bxc3 b4 14. c4 Nd4 15. Nxd4
cxd4 16. O-O Rb8 17. Rb1 a5 18. Nf5 Bxf5 19. exf5 Nd7 20. Re1 h6 21. Qd1 21...
Nc5 $11 22. Bd5 Kh8 23. g5 hxg5 24. Qh5+ Kg8 25. Bxg5 Qd7 26. f6 Ne6 27. Re4
Nf4 28. Rxf4 exf4 29. Qg6 1-0

[Event "4NCL 3 South pool A"]
[Site "Daventry, ENG"]
[Date "2018.11.17"]
[Round "1.16"]
[White "Vachtfeidl, Petr"]
[Black "Disu, Kayode"]
[Result "0-1"]
[WhiteElo "1870"]
[BlackElo "1960"]
[PlyCount "114"]
[EventDate "2018.11.17"]

1. d4 d6 2. e4 g6 3. Nc3 Bg7 4. Be3 a6 5. Qd2 b5 6. Bd3 Nd7 7. Nf3 Bb7 8. h3 h6
9. O-O e6 10. a4 b4 11. Ne2 c5 12. c3 a5 13. Ng3 Rc8 14. Bb5 Bc6 15. Bxc6 Rxc6
16. d5 Rb6 17. dxe6 fxe6 18. Rfd1 b3 19. Bf4 e5 20. Be3 Ngf6 21. Qe2 O-O 22.
Nd2 Ne8 23. Ra3 h5 24. Rxb3 h4 25. Ngf1 Kh7 26. Rxb6 Qxb6 27. Nc4 Qc6 28. Qg4
Ndf6 29. Qxh4+ Kg8 30. Nfd2 Qxa4 31. Rc1 Nh5 32. Qd8 Nf4 33. Qxa5 Qxa5 34. Nxa5
Ne2+ 35. Kf1 Nxc1 36. Ndc4 Nd3 37. g3 d5 38. exd5 e4 39. d6 Rf7 40. Nb3 Be5 41.
Nxe5 Nxe5 42. Bxc5 Nc4 43. Ke2 Nexd6 44. Bxd6 Nxd6 45. Nc5 Re7 46. b3 Kf7 47.
Ke3 Nf5+ 48. Kf4 e3 49. fxe3 Nxe3 50. c4 Nc2 51. Ne4 Kg7 52. h4 Nd4 53. b4 Nc2
54. b5 Na3 55. Nd6 Nc2 56. c5 Nb4 57. b6 Nd3+ 0-1

[Event "4NCL 3 South pool A"]
[Site "Daventry, ENG"]
[Date "2018.11.17"]
[Round "1.21"]
[White "Moloney, Nicholas R"]
[Black "Stanisz, Patryk"]
[Result "1/2-1/2"]
[WhiteElo "2167"]
[BlackElo "2145"]
[PlyCount "76"]
[EventDate "2018.11.17"]

1. d4 d5 2. c4 c6 3. Nc3 Nf6 4. cxd5 cxd5 5. Bf4 Nc6 6. e3 a6 7. Bd3 e6 8. Rc1
Bd6 9. Bxd6 Qxd6 10. f4 b5 11. Nf3 Bb7 12. Ne5 Ne7 13. O-O O-O 14. Qf3 Rac8 15.
a3 g6 16. g4 Nd7 17. Nxd7 Qxd7 18. g5 Rc7 19. Nb1 Nc8 20. Nd2 Nb6 21. Qe2 21...
Rfc8 $11 22. Ra1 Qe7 23. Nf3 Kg7 24. Ne5 f5 25. gxf6+ Qxf6 26. Kh1 Nc4 27. Rg1
Nxe5 28. fxe5 Qh4 29. Raf1 Rf8 30. Rxf8 Kxf8 31. Rg4 Qh3 32. Rf4+ Kg7 33. Qf2
a5 34. Bxb5 Rc1+ 35. Bf1 Ba6 36. Rf7+ Kg8 37. Rf8+ Kg7 38. Rf7+ Kg8 1/2-1/2

[Event "4NCL 3 South pool A"]
[Site "Daventry, ENG"]
[Date "2018.11.17"]
[Round "1.22"]
[White "Chan, Nevil"]
[Black "Okhai, Shabir"]
[Result "1/2-1/2"]
[WhiteElo "2009"]
[BlackElo "2068"]
[PlyCount "49"]
[EventDate "2018.11.17"]

1. d4 Nf6 2. Nc3 d5 3. Bg5 Nbd7 4. Nf3 h6 5. Bh4 e6 6. e3 c5 7. Bd3 c4 8. Be2
Bb4 9. O-O Bxc3 10. bxc3 Qa5 11. Qe1 Ne4 12. Nd2 Nxc3 13. Bf3 Qa4 14. e4 Nb6
15. Qe3 Nxe4 16. Bxe4 dxe4 17. Nxe4 O-O 18. Nf6+ gxf6 19. Bxf6 Qxc2 20. Qxh6
Qh7 21. Qg5+ Qg6 22. Qh4 Qh7 23. Qg5+ Qg6 24. Qh4 Qh7 25. Qg5+ 1/2-1/2

[Event "4NCL 3 South pool A"]
[Site "Daventry, ENG"]
[Date "2018.11.17"]
[Round "1.23"]
[White "Agnew, Alan"]
[Black "Webster, Peter An"]
[Result "1-0"]
[WhiteElo "2061"]
[BlackElo "1891"]
[PlyCount "93"]
[EventDate "2018.11.17"]

1. d4 e6 2. c4 Nf6 3. Nc3 Bb4 4. e3 c5 5. Bd3 Nc6 6. Nf3 Bxc3+ 7. bxc3 d6 8. e4
e5 9. d5 Ne7 10. O-O Ng6 11. Ne1 Qe7 12. Rb1 O-O 13. g3 Bh3 14. Ng2 b6 15. f3
Nd7 16. Qc2 Rae8 17. Rf2 Bxg2 18. Kxg2 Nh8 19. a4 g5 20. Be3 Ng6 21. Qc1 f6 22.
Ra2 a5 23. Kh1 Rf7 24. Bf1 h5 25. Bh3 Ngf8 26. Bf5 Rg7 27. h4 gxh4 28. gxh4 Rg3
29. Kh2 Rxf3 30. Rg2+ Kh8 31. Bh6 Rf4 32. Bxf4 exf4 33. Qxf4 Qe5 34. Qxe5 Nxe5
35. Rxb6 Nxc4 36. Rb7 Ne3 37. Rgg7 Nxf5 38. exf5 Re4 39. Kh3 Rxa4 40. Rgf7 Kg8
41. Rxf6 Rc4 42. Rb8 Rxc3+ 43. Kg2 Rc2+ 44. Kf3 a4 45. Rbxf8+ Kg7 46. R8f7+ Kg8
47. Ra7 1-0

[Event "4NCL 3 South pool A"]
[Site "Daventry, ENG"]
[Date "2018.11.17"]
[Round "1.24"]
[White "Campbell, Mark C"]
[Black "Voyiakis, Emmanuel"]
[Result "0-1"]
[WhiteElo "1899"]
[BlackElo "2125"]
[PlyCount "78"]
[EventDate "2018.11.17"]

1. e4 c5 2. Nf3 d6 3. d4 cxd4 4. Nxd4 Nf6 5. Nc3 g6 6. Be3 Bg7 7. f3 O-O 8. Qd2
Nc6 9. O-O-O d5 10. Qe1 e5 11. Nxc6 bxc6 12. exd5 Nxd5 13. Bc5 Bh6+ 14. Kb1
Nxc3+ 15. bxc3 Rb8+ 16. Ka1 Qa5 17. Bxf8 Bxf8 18. Bc4 Bg7 19. Bb3 e4 20. Kb2 c5
21. fxe4 Be6 22. Qg3 Qb4 23. e5 Qb7 24. c4 Bxc4 25. Qg5 Qc7 26. Rhe1 Be6 27. c4
Bxc4 28. Kc2 Bxb3+ 29. axb3 Qa5 30. Ra1 Qb4 31. Qe3 c4 32. Rxa7 Bh6 33. Qc3
cxb3+ 34. Kb2 Qb6 35. Ra3 Qf2+ 36. Kb1 Bd2 37. Qg3 Qf5+ 38. Kb2 Qc2+ 39. Ka1
b2+ 0-1

[Event "4NCL 3 South pool A"]
[Site "Daventry, ENG"]
[Date "2018.11.17"]
[Round "1.25"]
[White "Millward, Kevin P"]
[Black "Phillips, William"]
[Result "1-0"]
[WhiteElo "2000"]
[BlackElo "1862"]
[PlyCount "173"]
[EventDate "2018.11.17"]

1. d4 Nf6 2. Bf4 d5 3. e3 c5 4. c3 e6 5. Nd2 cxd4 6. exd4 Bd6 7. Bg3 O-O 8.
Ngf3 Ne4 9. Bd3 f5 10. Bxd6 Qxd6 11. Ne5 Nxd2 12. Qxd2 Nc6 13. f4 Nxe5 14. fxe5
Qe7 15. h4 Bd7 16. Qg5 Qxg5 17. hxg5 g6 18. a4 a6 19. Kd2 a5 20. b3 Bc6 21. Rh4
b6 22. Rah1 Ra7 23. g4 Rg7 24. Rf1 fxg4 25. Rf6 Rxf6 26. exf6 Rf7 27. Ke3 g3
28. Rh3 g2 29. Rg3 Rc7 30. Kd2 Be8 31. Rxg2 Rb7 32. c4 Bc6 33. Re2 dxc4 34.
Bxc4 Bd5 35. Bxd5 exd5 36. Re5 Kf7 37. Rxd5 h6 38. gxh6 Kxf6 39. Rd6+ Kg5 40.
h7 Rxh7 41. Rxb6 Ra7 42. Ke3 Kf5 43. Kf3 Ra8 44. Rb5+ Ke6 45. Ke4 Ra6 46. d5+
Kd6 47. Kd4 g5 48. Rb8 g4 49. Rd8+ Kc7 50. Rg8 Rb6 51. Kc5 Rxb3 52. Rg7+ Kd8
53. Rxg4 Rh3 54. Rg8+ Kd7 55. Rg7+ Kd8 56. Ra7 Kc8 57. Rxa5 Kd7 58. Ra7+ Kd8
59. Kc6 Rc3+ 60. Kd6 Kc8 61. a5 Kb8 62. Ra6 Rh3 63. Rc6 Kb7 64. Rc7+ Kb8 65.
Rc4 Rh6+ 66. Kc5 Kc7 67. Rg4 Ra6 68. Rg7+ Kd8 69. Kb5 Rd6 70. Rg5 Kc7 71. Rg7+
Kc8 72. Rg5 Kc7 73. Rh5 Rg6 74. a6 Rb6+ 75. Ka5 Rb1 76. Rh6 Ra1+ 77. Kb5 Rb1+
78. Kc5 Rc1+ 79. Kd4 Rd1+ 80. Ke5 Re1+ 81. Kd4 Rd1+ 82. Kc4 Rc1+ 83. Kb3 Rd1
84. Rc6+ Kd7 85. a7 Ra1 86. Rh6 Kc8 87. Kc4 1-0

[Event "4NCL 3 South pool A"]
[Site "Daventry, ENG"]
[Date "2018.11.17"]
[Round "1.26"]
[White "Lim, Mark"]
[Black "George, Matthew P"]
[Result "1/2-1/2"]
[WhiteElo "1800"]
[BlackElo "2001"]
[PlyCount "37"]
[EventDate "2018.11.17"]

1. d4 Nf6 2. Nf3 d6 3. Nbd2 Nbd7 4. e4 c6 5. c3 e5 6. Bd3 Be7 7. O-O Qc7 8. a4
a5 9. Nc4 h6 10. dxe5 Nxe5 11. Nfxe5 dxe5 12. Be3 Be6 13. Qe2 Nd7 14. f4 Bxc4
15. Bxc4 O-O 16. Rad1 Bc5 17. f5 Bxe3+ 18. Qxe3 Qb6 19. Qxb6 1/2-1/2

[Event "4NCL 3 South pool A"]
[Site "Daventry, ENG"]
[Date "2018.11.17"]
[Round "1.31"]
[White "Tippleston, Charles E"]
[Black "Hall, John"]
[Result "1-0"]
[WhiteElo "2085"]
[BlackElo "2200"]
[PlyCount "93"]
[EventDate "2018.11.17"]

1. e4 c5 2. Nf3 d6 3. Bb5+ Nd7 4. a4 a6 5. Bc4 Ngf6 6. Qe2 e6 7. O-O Be7 8. Nc3
O-O 9. Bb3 b6 10. d3 Bb7 11. Re1 Re8 12. Bf4 Nf8 13. h3 Ng6 14. Bh2 h6 15. Rad1
e5 16. Nd2 Nf8 17. f4 exf4 18. Bxf4 d5 19. e5 Ne6 20. exf6 Nxf4 21. Qg4 Bxf6
22. Rxe8+ Qxe8 23. Qxf4 Bg5 24. Qf1 Qd7 25. Nf3 Be3+ 26. Kh1 b5 27. Re1 Re8 28.
Nd1 bxa4 29. Ba2 Bf4 30. Rxe8+ Qxe8 31. Nc3 Qd7 32. d4 c4 33. Qe2 f6 34. Nd1
Kf7 35. b3 cxb3 36. cxb3 a3 37. Nc3 Qc6 38. Qd3 Qe6 39. Bb1 Qe3 40. Qxe3 Bxe3
41. g4 Bc6 42. Kg2 Bc1 43. Kf2 Bb2 44. Na4 Bc1 45. Ne1 Bb5 46. Nc2 g6 47. Nb4
1-0

[Event "4NCL 3 South pool A"]
[Site "Daventry, ENG"]
[Date "2018.11.17"]
[Round "1.32"]
[White "Pickard, Charles"]
[Black "Fraser-Mitchell, Jeremy N"]
[Result "0-1"]
[WhiteElo "2150"]
[BlackElo "2054"]
[PlyCount "54"]
[EventDate "2018.11.17"]

1. c4 f5 2. g3 Nf6 3. Bg2 g6 4. Nc3 Bg7 5. d3 O-O 6. e3 d6 7. Nge2 c6 8. O-O
Na6 9. a3 Bd7 10. b4 Rb8 11. Qb3 Kh8 12. Rb1 e5 13. Bd2 Qe7 14. d4 Nc7 15. b5
c5 16. b6 axb6 17. dxe5 dxe5 18. Qxb6 Be6 19. Nb5 Bxc4 20. Nxc7 Bxe2 21. Rfc1
Bd3 22. Rb3 Nd7 23. Qe6 Qxe6 24. Nxe6 c4 25. Nxf8 cxb3 26. Nxd7 Rd8 27. Nb6 b2
0-1

[Event "4NCL 3 South pool A"]
[Site "Daventry, ENG"]
[Date "2018.11.17"]
[Round "1.33"]
[White "Brown, Alan M"]
[Black "Mossong, Hubert"]
[Result "1-0"]
[WhiteElo "2031"]
[BlackElo "2085"]
[PlyCount "57"]
[EventDate "2018.11.17"]

1. d4 d6 2. g3 f5 3. Bg2 Nf6 4. Nc3 e6 5. e4 Be7 6. exf5 exf5 7. Nh3 O-O 8. O-O
c6 9. d5 c5 10. Nf4 Na6 11. Re1 Nc7 12. a4 Rb8 13. Bd2 Ng4 14. Ne6 Bxe6 15.
dxe6 Nf6 16. Bg5 Nfe8 17. Bc1 b6 18. Qd3 Kh8 19. Bd2 a6 20. Bh3 g6 21. Nd5 Nxd5
22. Qxd5 Qc8 23. Bc3+ Kg8 24. Bg2 Nc7 25. Qc6 b5 26. Ba5 Na8 27. Qd7 Qxd7 28.
exd7 Bd8 29. axb5 1-0

[Event "4NCL 3 South pool A"]
[Site "Daventry, ENG"]
[Date "2018.11.17"]
[Round "1.34"]
[White "Wojciechowski, Paul"]
[Black "Smith, Graham"]
[Result "1/2-1/2"]
[WhiteElo "1908"]
[BlackElo "2017"]
[PlyCount "66"]
[EventDate "2018.11.17"]

1. e4 c5 2. Nf3 e6 3. d4 cxd4 4. Nxd4 a6 5. Bd3 g6 6. Be3 Bg7 7. Nc3 Nc6 8. Nb3
Nge7 9. O-O O-O 10. Qd2 Re8 11. Rad1 d5 12. exd5 Nxd5 13. Nxd5 exd5 14. c3 Be6
15. Be2 Ne5 16. Nc5 b5 17. b3 Qe7 18. Rfe1 Rec8 19. Nxe6 fxe6 20. Bd4 Rc6 21.
Bxb5 Nf3+ 22. gxf3 axb5 23. Bxg7 Qxg7 24. Re3 Qf6 25. Qe2 Rac8 26. Re1 Rxc3 27.
Rxc3 Rxc3 28. Qxe6+ Kg7 29. Qxd5 Rxf3 30. Qxb5 Rxf2 31. Qd7+ Kh6 32. Qh3+ Kg7
33. Qd7+ Kh6 1/2-1/2

[Event "4NCL 3 South pool A"]
[Site "Daventry, ENG"]
[Date "2018.11.17"]
[Round "1.35"]
[White "Freeman, Richard C P"]
[Black "Birkin, Mark H"]
[Result "1/2-1/2"]
[WhiteElo "1997"]
[BlackElo "1967"]
[PlyCount "53"]
[EventDate "2018.11.17"]

1. c4 e6 2. g3 f5 3. Bg2 Nf6 4. Nf3 Be7 5. O-O O-O 6. d3 a5 7. Nc3 d6 8. b3 Nc6
9. e4 e5 10. exf5 Bxf5 11. d4 Bg4 12. Ne2 Nd7 13. dxe5 Ndxe5 14. Nxe5 Nxe5 15.
f4 Nc6 16. Bb2 Bf6 17. Bxf6 Qxf6 18. Qd2 a4 19. Nc3 axb3 20. axb3 Rxa1 21. Rxa1
Nd4 22. Ra3 Nf3+ 23. Bxf3 Bxf3 24. Nd5 Qf7 25. b4 Bg4 26. Qa2 Be6 27. Ra8
1/2-1/2

[Event "4NCL 3 South pool A"]
[Site "Daventry, ENG"]
[Date "2018.11.17"]
[Round "1.36"]
[White "Harvey, John"]
[Black "Reuben, Stewart"]
[Result "0-1"]
[WhiteElo "1710"]
[BlackElo "1971"]
[PlyCount "51"]
[EventDate "2018.11.17"]

1. e4 c5 2. Nf3 g6 3. c4 Bg7 4. d4 cxd4 5. Nxd4 Nc6 6. Be3 Nh6 7. h3 f5 8. Qd2
Nxd4 9. Bxd4 O-O 10. Bxg7 Kxg7 11. Nc3 d6 12. O-O-O Be6 13. Kb1 fxe4 14. g4 Qb6
15. Nxe4 Rac8 16. Ng5 Bf7 17. Bd3 Qd4 18. Rhe1 Rc7 19. Re4 Qf6 20. Rf4 Qxg5 21.
h4 Qxh4 22. Be4 Rxc4 23. Qe2 d5 24. Rxf7+ Nxf7 25. Bxd5 Rxg4 26. Rh1 0-1

[Event "4NCL 3 South pool A"]
[Site "Daventry, ENG"]
[Date "2018.11.17"]
[Round "1.41"]
[White "Hughes, Roy"]
[Black "Martin, Lewis"]
[Result "0-1"]
[WhiteElo "2013"]
[BlackElo "2173"]
[PlyCount "70"]
[EventDate "2018.11.17"]

1. Nf3 Nf6 2. g3 d5 3. Bg2 Bf5 4. O-O e6 5. c4 c6 6. d4 Nbd7 7. Nc3 Be7 8. Re1
O-O 9. cxd5 exd5 10. a3 a5 11. Bf4 Nb6 12. b3 Ne4 13. Qc1 Rc8 14. Nxe4 Bxe4 15.
Bh3 Ra8 16. Ne5 a4 17. b4 Bf6 18. Qc3 Re8 19. Nd3 Nc4 20. Nc5 b6 21. Nxe4 Rxe4
22. Rad1 c5 23. bxc5 bxc5 24. Be5 cxd4 25. Bxd4 Rxd4 26. Rxd4 Bxd4 27. Qxd4
Nxa3 28. Rd1 Nb5 29. Qc5 Nc7 30. e4 a3 31. exd5 a2 32. Qd4 Qxd5 33. Qxd5 Nxd5
34. Ra1 Nc3 35. Bf1 Rb8 0-1

[Event "4NCL 3 South pool A"]
[Site "Daventry, ENG"]
[Date "2018.11.17"]
[Round "1.42"]
[White "Headlong, Timothy"]
[Black "Crombleholme, Alan K"]
[Result "1/2-1/2"]
[WhiteElo "2140"]
[BlackElo "1976"]
[PlyCount "43"]
[EventDate "2018.11.17"]

1. Nf3 d5 2. g3 Nf6 3. Bg2 c6 4. O-O Bg4 5. d3 Nbd7 6. Nbd2 e6 7. e4 Bd6 8. Qe1
Qc7 9. d4 Nxe4 10. Nxe4 dxe4 11. Qxe4 Nf6 12. Qe2 O-O 13. Bg5 Nd7 14. c4 c5 15.
Qd2 Bxf3 16. Bxf3 cxd4 17. Qxd4 Ne5 18. Bg2 Nc6 19. Qd2 h6 20. Be3 Rfd8 21. Qe2
Be5 22. Rad1 1/2-1/2

[Event "4NCL 3 South pool A"]
[Site "Daventry, ENG"]
[Date "2018.11.17"]
[Round "1.43"]
[White "Ruthen, Stephen W"]
[Black "Richmond, Peter"]
[Result "1/2-1/2"]
[WhiteElo "1993"]
[BlackElo "2093"]
[PlyCount "36"]
[EventDate "2018.11.17"]

1. c4 c6 2. g3 d5 3. Nf3 Bf5 4. Bg2 e6 5. O-O Be7 6. cxd5 exd5 7. Qb3 Qb6 8.
Qxb6 axb6 9. Nc3 Nd7 10. d4 b5 11. e4 Bxe4 12. Nxe4 dxe4 13. Ng5 f5 14. f3 Ngf6
15. fxe4 fxe4 16. Ne6 Kf7 17. Ng5+ Ke8 18. Ne6 Kf7 1/2-1/2

[Event "4NCL 3 South pool A"]
[Site "Daventry, ENG"]
[Date "2018.11.17"]
[Round "1.44"]
[White "Truran, Michael C"]
[Black "Ortiz Sanchez, Luis"]
[Result "1-0"]
[WhiteElo "2156"]
[BlackElo "1952"]
[PlyCount "89"]
[EventDate "2018.11.17"]

1. d4 f5 2. Nc3 Nf6 3. Bg5 d5 4. Bxf6 exf6 5. e3 Be6 6. Bd3 Nc6 7. Qf3 g6 8. a3
Qd7 9. Nge2 O-O-O 10. Nf4 Bf7 11. Bb5 Kb8 12. Nd3 Qe6 13. O-O h5 14. Na4 Be8
15. Nac5 Bxc5 16. Nxc5 Qd6 17. Bxc6 Bxc6 18. Qg3 Qe7 19. Qxg6 b6 20. Na6+ Kb7
21. Nb4 Bb5 22. Nd3 Bxd3 23. cxd3 Rdg8 24. Qxf5 Rg5 25. Qf4 Rhg8 26. g3 Qe6 27.
Qf3 Rf5 28. Qg2 h4 29. Rfe1 Rfg5 30. Kf1 hxg3 31. hxg3 Qd7 32. Red1 Rh8 33. Ke2
Qb5 34. Rd2 Rgh5 35. Qf3 Qd7 36. Rc2 Rf5 37. Qg2 Rh7 38. Rh1 Re7 39. Kd2 Qa4
40. f4 Qe8 41. g4 Rg7 42. Qf3 Qg8 43. gxf5 Rg3 44. Qh5 Qf8 45. Re1 1-0

[Event "4NCL 3 South pool A"]
[Site "Daventry, ENG"]
[Date "2018.11.17"]
[Round "1.45"]
[White "Sagues, Vincent"]
[Black "Duncan, Patrick C M"]
[Result "1/2-1/2"]
[WhiteElo "1922"]
[BlackElo "2024"]
[PlyCount "51"]
[EventDate "2018.11.17"]

1. e4 c6 2. d4 d5 3. Nc3 dxe4 4. Nxe4 Nd7 5. Nf3 Ngf6 6. Ng3 e6 7. Bd3 c5 8.
O-O Bd6 9. dxc5 Bxc5 10. Qe2 O-O 11. Bd2 b6 12. Ne4 Be7 13. Nxf6+ Nxf6 14. c4
Bb7 15. Bc3 Qc7 16. Ne5 Rad8 17. Rad1 Rfe8 18. Rd2 g6 19. Rfd1 Nh5 20. Be4 Nf6
21. Rxd8 Rxd8 22. Rxd8+ Bxd8 23. Bxb7 Qxb7 24. Qd3 Be7 25. Qd4 Ne4 26. Ng4
1/2-1/2

[Event "4NCL 3 South pool A"]
[Site "Daventry, ENG"]
[Date "2018.11.17"]
[Round "1.46"]
[White "Gorgun, Aliriza Atif"]
[Black "Calvert, D Ian"]
[Result "1/2-1/2"]
[WhiteElo "2005"]
[BlackElo "1920"]
[PlyCount "93"]
[EventDate "2018.11.17"]

1. e4 d5 2. exd5 Qxd5 3. Nc3 Qd6 4. d4 Nf6 5. Bc4 a6 6. Be3 Nc6 7. Qd2 Bf5 8.
Nf3 e6 9. Bb3 Be7 10. a3 O-O 11. Nh4 Ne4 12. Nxf5 Nxd2 13. Nxd6 Nxb3 14. cxb3
Bxd6 15. O-O Ne7 16. b4 c6 17. Ne4 Rfd8 18. Rfd1 Nf5 19. Rac1 Rd7 20. g4 Nxe3
21. fxe3 f5 22. gxf5 exf5 23. Nxd6 Rxd6 24. Rc5 g6 25. Re5 Kf7 26. Kf2 Re8 27.
Rxe8 Kxe8 28. h4 Ke7 29. Kf3 Ke6 30. e4 fxe4+ 31. Kxe4 Rd5 32. Rf1 Rh5 33. Rf4
h6 34. Kd3 g5 35. hxg5 hxg5 36. Re4+ Kd6 37. Re8 Rh2 38. Rg8 Rxb2 39. Rxg5 Rb3+
40. Kc4 Rxa3 41. d5 cxd5+ 42. Rxd5+ Kc6 43. Rc5+ Kb6 44. Rg5 a5 45. Rg6+ Ka7
46. bxa5 Rxa5 47. Kb4 1/2-1/2